Burt and Eklund’s Dentistry, Dental Practice, and the Community (Record no. 20847)

MARC details
000 -LEADER
fixed length control field 00407nam a22001577a 4500
003 - CONTROL NUMBER IDENTIFIER
control field SGT
020 ## - INTERNATIONAL STANDARD BOOK NUMBER
International Standard Book Number 978-0323554848
082 ## - DEWEY DECIMAL CLASSIFICATION NUMBER
Classification number 617.601
Item number B21M
100 ## - MAIN ENTRY--PERSONAL NAME
Personal name Ana Karina Mascarenhas
245 ## - TITLE STATEMENT
Title Burt and Eklund’s Dentistry, Dental Practice, and the Community
250 ## - EDITION STATEMENT
Edition statement 7TH
260 ## - PUBLICATION, DISTRIBUTION, ETC. (IMPRINT)
Place of publication, distribution, etc NEW DELHI
Name of publisher, distributor, etc Saunders ELSEVIER
Year of Publication 2021
300 ## - PAGE DESCRIPTION
No. of Pages 1-334
650 ## - SUBJECT ADDED ENTRY--TOPICAL TERM
Topical term or geographic name as entry element General Dentistry
942 ## - ADDED ENTRY ELEMENTS (KOHA)
Source of classification or shelving scheme Dewey Decimal Classification
Koha item type Books
Holdings
Withdrawn status Lost status Source of classification or shelving scheme Damaged status Not for loan Home library Current library Shelving location Date acquired Vendor Name Cost, normal purchase price SGTU Bill Number Total Checkouts Full call number Accession No. (Barcode) Date last seen Bill Date Koha item type
    Dewey Decimal Classification     SGT Dental Library SGT Dental Library Reference Book 02/03/2021 AHUJA BOOK COMPANY 4600.00 SGTU 12616   617.601 B21M FD8154 02/03/2021 27/01/2021 Books
    Dewey Decimal Classification     SGT Dental Library SGT Dental Library Reference Book 02/03/2021 AHUJA BOOK COMPANY 4600.00 SGTU 12616   617.601 B21M FD8155 02/03/2021 27/01/2021 Books